Catalog

Record Details

Catalog Search



Nachbarliches Zusammenleben : deutsch-tschechische Beziehungen im europäischen Kontext / Veronika Arndt

Arndt, Veronika (Author).

Record details

  • ISBN: 3-910173-16-0 (brož.)
  • Physical Description: 95 s. : il. ; 20 cm
  • Edition: 1. Aufl.
  • Publisher: Magdeburg : Helmuth-Block-Verlag, 1994

Content descriptions

Bibliography, etc. Note:
Obsahuje bibliografické odkazy

Available copies

  • 1 of 1 copy available at Common Catalog SPOK.

Holds

  • 0 current holds with 1 total copy.
Show Only Available Copies
Location Call Number / Copy Notes Barcode Shelving Location Status Due Date
Terezin Initiative Institute 1573 4594301573 Knihovna ITI Available -

LDR 01043nam a2200313 a 4500
00125902
003CZ-PrJAB
00520220907114346.0
008981027s1994 gw a gr 000 0 ger
020 . ‡a3-910173-16-0 (brož.)
035 . ‡a(CONS)708
035 . ‡a(CZ PrSKC)zpk19970291344
040 . ‡aABA001 ‡bcze
080 . ‡a943.0
080 . ‡a327
080 . ‡a323.1
080 . ‡a943.71/.72
1001 . ‡aArndt, Veronika ‡4aut
24510. ‡aNachbarliches Zusammenleben : ‡bdeutsch-tschechische Beziehungen im europäischen Kontext / ‡cVeronika Arndt
250 . ‡a1. Aufl.
260 . ‡aMagdeburg : ‡bHelmuth-Block-Verlag, ‡c1994
300 . ‡a95 s. : ‡bil. ; ‡c20 cm
4901 . ‡aBNR Erreignisse, Tatsachen, Hintergründe
504 . ‡aObsahuje bibliografické odkazy
830 0. ‡aBNR Erreignisse, Tatsachen, Hintergründe
8524 . ‡bJACH-ITI ‡bJACH-ITI ‡cKnihovna ITI ‡j1573 ‡p1573 ‡y$0.00
910 . ‡aABE340 ‡b1573
995 . ‡askok
901 . ‡a25902 ‡bISxN ‡c25902 ‡tbiblio

Additional Resources